000 00327nam a2200133Ia 4500
008 240624s9999 xx 000 0 und d
041 _aeng
082 _a658.8 BRO
100 _aBROWN MARK
245 _aM COMMERCE IN A WEEK
260 _c2002
_aLondon
_bHodder and stoughton
300 _a88 : p. : cm. ; 20
365 _cRS
_b33
999 _c11652
_d11652